000 00794nam a2200205 a 4500
003 0
005 20250515134410.0
008 090729s19uu xx 00 eng d
050 _aPGS GV 706.4
_b.W819 2001
100 _ade Wit, Kilani.
245 _aAwareness of the grade school varsity students of Southville International School on how stress affects sports performance /
_cKilani de Wit.
260 _aLas PiƱas City, Philippines :
_bSouthville International School and Colleges,
_c2001.
300 _a29 pages :
_billustrations ;
_c28 cm.
504 _aIncludes bibliographical references.
650 _aStress (Psychology) in children.
650 _aSports
_vPsychological aspects.
650 _aStudent athletes
_vPsychology.
650 _aPerformance anxiety.
942 _2lcc
_cPASS
999 _c98314
_d98314